[Event "EU-chT (Men) 15th"]
[Site "Gothenburg"]
[Date "2005.08.01"]
[Round "3.1"]
[White "Akopian, Vladimir Eduardovic"]
[Black "Azmaiparashvili, Zurab"]
[Result "1/2-1/2"]
[WhiteElo "2705"]
[BlackElo "2672"]
[Annotator "Lukacs,P"]
[PlyCount "107"]
[EventDate "2005.07.30"]
[EventType "team-swiss"]
[EventRounds "9"]
[EventCountry "SWE"]
[SourceTitle "CBM 109"]
[Source "ChessBase"]
[SourceDate "2005.11.14"]
[SourceVersion "1"]
[SourceVersionDate "2005.11.14"]
[SourceQuality "1"]
[WhiteTeam "Armenia"]
[BlackTeam "Georgia"]
[WhiteTeamCountry "ARM"]
[BlackTeamCountry "GEO"]

1. e4 c6 2. d4 d5 3. Nd2 dxe4 4. Nxe4 Bf5 5. Ng3 Bg6 6. h4 h6 7. Nf3 Nd7 8. h5
Bh7 9. Bd3 Bxd3 10. Qxd3 e6 11. Bf4 Qa5+ 12. Bd2 Qc7 13. O-O-O Ngf6 14. Ne4
O-O-O 15. g3 Nxe4 16. Qxe4 Nf6 (16... Bd6) 17. Qe2 Bd6 18. c4 (18. Kb1 {
- Ramesh- Koneru, Goodricke 12th op 2001 CBM 82}) 18... c5 19. Bc3 cxd4 {
This exchange is logical, because the white N belongs to e5.} 20. Nxd4 a6 {
against Nb5} (20... Qc5 $5 {leads to unclear consequences.} 21. Kb1 $14 (21. f4
Qb6 22. Nb5 Bc5 23. b4 Be3+ 24. Kc2 a6 25. Nd6+ Rxd6 26. Rxd6 Qxd6 27. Qxe3 Rd8
28. Qf3 Qc7 29. Kb3 a5 $13 {Barcenilla-Adianto, Beijing 1992})) 21. Kb1 $142 (
21. Nf3 {/\ Ne5, because the N on d4 is harmless.} Qc6 (21... Qc5 22. Be5 {
The exchange of the strong B is not logical.} Bc7 23. Bxc7 Qxc7 24. Ne5 Rxd1+
25. Rxd1 Rd8 $11 {Rytshagov-Manninen, FIN 1992}) (21... Rhe8 {is met by the
main plan} 22. Ne5 $1 Bxe5 23. Bxe5 Qc5 {(Rogovoi-Kazakov, St.Petersburg 1997)}
24. f4 $14 {and the R on e8 remains useless.}) (21... Rd7 22. Ne5 Bxe5 23. Bxe5
Qa5 $1 (23... Qc6 24. g4 Rhd8 25. f3 {This P structure defends all the
vulnerable squares.} Ne8 26. Bc3 {The B is superior to the N because of the
fixed weaknesses on the >>.} f6 27. Rxd7 Rxd7 28. Re1 Nd6 29. Qxe6 $16 {
Brunner-Danielsen, EU-chT (Men) Debrecen 1992}) 24. Bxf6 Rxd1+ 25. Rxd1 gxf6
26. Rd3 Rg8 (26... Qc5 27. Qf3 Rg8 {(Rytshagov-Danielsen, Yerevan 1996)} 28.
Qxf6 Qxh5 29. Qd4 $14) 27. Qf3 f5 28. Qe3 Rg4 29. f4 Rg8 30. a3 (30. Ra3 Qc7)
30... Rd8 31. Rxd8+ Qxd8 32. Kc2 Qg8 $11 {Mrdja-K.Berg, Turin 1996}) 22. Rh4 (
22. Ne5 Bxe5 23. Bxe5 Rxd1+ 24. Rxd1 Rd8 25. Re1 (25. Rxd8+ Kxd8 {and White
has missed f3, and g4.} 26. Bxf6+ gxf6 {This _|_ cannot be better with queens
on the board.} 27. b3 Ke7 $11 {Loeffler-K.Berg, Cannes 1995}) 25... Qd7 26.
Bxf6 {This is sad, but Nxh5 was the threat.} (26. Kb1 Qd2) 26... gxf6 27. b3
Qd4 28. Kc2 Qc5 29. Kb2 Qd4+ $11 {Ernst-G.Hansen, Oslo 1994}) 22... Bc7 23.
Rxd8+ Rxd8 24. Ne5 (24. Kb1 Qc5 $1 {>< h5} (24... Rd7 25. Ne5) 25. Ne5 Bxe5 26.
Bxe5 Qa5 $11) 24... Bxe5 25. Qxe5 (25. Bxe5 $5 {is more promising, but still
not enough for something real.} Ne8 (25... Qa4 26. a3 $14 (26. b3 Qa3+ 27. Kb1
Qa5)) 26. f3 f6 27. Bc3 e5) 25... Rd3 26. Qe2 Rd7 $11 {Kuczynski-Piket, Ohrid
2001 CBM 084} (26... Qf3 $5 27. Qxf3 Rxf3 28. Bxf6 gxf6 $1 $11 {and the R _|_
is drawish.})) (21. Nb3 {- Rogic-Izeta Txabarri, EU-chT (Men) Pula 1997 CBM 57
ext}) 21... Kb8 (21... Rd7 $142 22. Nf3 (22. g4 $6 {weakens >< f4.} Rhd8 23.
Nb3 Bf4 24. Rxd7 Qxd7 25. Bxf6 gxf6 {The P structure is weakened, but Black's
pieces are more active.} 26. Kc2 Qa4 $1 {(Renet-Miles, Cannes schev 1989)} 27.
Kb1 $11 {repeating moves.}) (22. Nb3 Qc6 {The Q is well-placed on the long /^
and ready for any penetration.} (22... Be7 {defending the f6 N is not
necessary.} 23. Rxd7 Qxd7 24. f3 Qc6 25. g4 Rg8 26. Rd1 $14 Rd8 {1/2:1/2
Prasad-Koneru, Chalapathi GM 2000}) 23. Rhe1 (23. Bxf6 gxf6 24. c5 Bc7 25. Rxd7
Qxd7 26. Rd1 Qc6 27. a3 Rd8 {with only microscopical advantage for White,
Tolnai-Groszpeter, Perenyi mem Budapest 1989.}) 23... Rhd8 24. g4 Bf4 25. Rxd7
Rxd7 26. f3 e5 27. Nc1 $14 {Fedorov-Pantsulaia, Warsaw 2005}) (22. Rc1 Kb8 23.
Nf3 (23. Rc2 {is a slow manoeuvre giving up the fight for the d <->.} Rc8 24.
b3 Qc5 25. Nf3 Rcd8 26. Ne5 Bxe5 27. Qxe5+ Qxe5 28. Bxe5+ Kc8 29. Rh4 Rd1+ 30.
Rc1 R1d2 $11 {Berelovich-Kharitonov, Chigorin mem 1999}) 23... Qc5 24. Rh4 Rhd8
25. b4 Qf5+ 26. Kb2 Bc7 27. Nd4 Qh7 28. Rc2 e5 $11 {Kotronias-Azmaiparashvili,
Gothenberg 2005}) 22... Rhd8 23. a3 Qc6 24. Rh4 Bc7 25. Rxd7 Rxd7 26. Ne5 Bxe5
27. Qxe5 Ne8 {/\ f6, e5} 28. Qe2 f6 29. Re4 e5 $11 {P.Benko-Kagan, Winnipeg
1967}) 22. Nf3 {/\ Ne5} (22. Nb3 $5 $14) 22... Qc5 (22... Ka8 {Now the K is
far from any tactical assaults, but this costs some tempi.} 23. Ne5 Bxe5 {
Soon or later Black has to eliminate the N, it is simply too strong on e5.} (
23... Rhf8 24. g4 $14) (23... Bc5 24. g4 (24. f4 $14) 24... Rd6 (24... Rxd1+
25. Rxd1 Rc8 26. f3 Bf8 (26... Bd6 $2 27. Nxf7) 27. f4 $14 {This is the ideal
P structure for White on the >>. The N on e5 and the B on the long /^ are
excellent as well.}) 25. Rxd6 Bxd6 26. Rd1 Rd8 (26... Bxe5 27. Bxe5 Qc6 28. f4
Rc8 29. b3 $14 {is again the typical slightly better _|_ for White.}) 27. f3
Bxe5 28. Rxd8+ Qxd8 29. Bxe5 Ne8 $14 {without rooks the position is still
slightly better for White, but with a good defensive technique Black can
neutralize White's pressure in the _|_, Georgiev-Nisipeanu, New Delhi/Teheran
2000 CBM 081.}) 24. Bxe5 Qc6 {Black's counterchances are on the weakened h1-a8
/^.} (24... Qc5 {- 22...Qc5}) 25. Rxd8+ Rxd8 26. Re1 {White has certainly only
a slightly better position because the black heavy artillery is active.} Qg2 (
26... Qc5 27. g4 {/\ f4 with further advance on the >>, where >< g7 and h6 are
fixed on the colour of the B.} Rc8 28. b3 Rd8 29. f4 $14) (26... Qd7 27. g4 Qd2
(27... Qd3+ $2 {allows White's breakthrough on the >> after} 28. Qxd3 Rxd3 29.
g5 $1 Nxh5 (29... hxg5 30. h6 $1 {is the point!}) 30. Rh1 f6 31. Bc7 $18) 28.
f3 Qxe2 29. Rxe2 Rd3 30. Rf2 Ne8 31. Kc2 Rd8 32. Rd2 Rxd2+ 33. Kxd2 $14 {
is the maximum White can get from the opening exchanging Black's active Q and
R.}) 27. Bxf6 gxf6 28. Qe3 {In the _|_ there remain still a target for White,
the >< h6.} f5 29. a3 {White first secures the position of his K.} Rd7 (29...
Qc6 30. Qxh6 Qxc4 31. Qe3 $14 {with a remote o^ on h5.}) 30. Ka1 $14 {
Ponomariov-Li Wenliang, Moscow 2001 CBM 086}) (22... Rhe8 23. Ne5 $14) 23. Ne5
Bxe5 24. Qxe5+ {White wants to liquidate to a slightly better _|_, this is his
main goal in the Classical Caro Kann.} (24. Bxe5+ Ka8 25. Rxd8+ Rxd8 26. f4 $14
{/\ g4}) 24... Qxe5 25. Bxe5+ Kc8 {[%mdl 4096]} 26. Rxd8+ Rxd8 27. Kc2 $14 {
The d <-> is not so important, because the K covers the penetration squares.}
b5 $5 {Black is fighting for >< d5.} (27... Ne8) 28. Rh4 (28. cxb5 axb5 29. a3
Rd5 30. Bxf6 gxf6 {The R _|_ is drawish as a rule.} 31. b3 Kb7 $11) 28... Rd7
29. b4 (29. cxb5 axb5 30. Bxf6 gxf6 31. Rb4 Rd5 32. g4 f5 $11 {solves Black's
problem.}) 29... Kb7 {[#]} 30. c5 $2 {fixing the pawns on the colour of the B
is not a good idea.} (30. Kc3 {keeping the tension gave more practical chances.
} bxc4 (30... Rd1 31. Rf4 Kc6 (31... Rc1+ $2 32. Kd2 Rxc4 $4 {leads to a lost
P _|_ because White can create two passed pawns on different flags.} 33. Rxc4
bxc4 34. Bxf6 gxf6 35. Kc3 $18)) 31. Kxc4 Ne8 (31... Rd2 32. Rf4 $16) 32. Rd4
Rxd4+ 33. Bxd4 Nd6+ 34. Kd3 f6 35. a4 $14 {and White has some chances on the
>>, too (>< g7).}) 30... Ne8 31. Re4 f6 32. Bc3 Nc7 $11 33. f4 Rd5 34. Rd4 (34.
g4 f5 $1 35. gxf5 Rxf5 36. Bxg7 Rxh5 $11) 34... Kc6 35. Rxd5 Kxd5 {White has
no winning chances.} 36. Kd3 e5 37. fxe5 fxe5 38. c6 (38. Ke3 Ne8) 38... Ne8
39. g4 Nc7 40. Ke3 Ne6 41. a3 Nc7 42. Be1 Ne8 $142 (42... Kxc6 43. Ke4 Kd6 44.
Bg3 Ke6 45. Bxe5 Ne8 46. Kd4 (46. Kf4 Nf6) 46... Nf6 $11) 43. Bg3 Nc7 44. Bh4
Ne8 45. Bg3 Nc7 46. Be1 Ne8 47. Bh4 Kxc6 48. Ke4 Kd6 49. Bg3 Ke6 50. Bxe5 Nf6+
51. Kd4 Ne8 52. Bf4 Nf6 53. Be5 Ne8 54. Ke4 1/2-1/2

[Event "Tilburg Fontys"]
[Site "Tilburg"]
[Date "1998.10.31"]
[Round "8"]
[White "Topalov, Veselin"]
[Black "Leko, Peter"]
[Result "0-1"]
[WhiteElo "2700"]
[BlackElo "2665"]
[Annotator "Lukacs,P"]
[PlyCount "96"]
[EventDate "1998.10.23"]
[EventType "tourn"]
[EventRounds "11"]
[EventCountry "NED"]
[EventCategory "18"]
[SourceTitle "EXT 1999"]
[Source "ChessBase"]
[SourceDate "1998.11.16"]
[SourceVersion "1"]
[SourceVersionDate "1998.11.16"]
[SourceQuality "1"]

1. e4 c6 2. d4 d5 3. Nd2 dxe4 4. Nxe4 Bf5 5. Ng3 Bg6 6. h4 h6 7. Nf3 Nf6 8. Ne5
Bh7 9. Bd3 Bxd3 10. Qxd3 e6 (10... Nbd7 $2 11. Ng6 $1 $16) 11. Bf4 (11. Bd2 {
See Ivanchuk-Bareev, President's Cup 1998 CBM 65}) 11... Qa5+ {This is played
against 0-0-0.} 12. c3 (12. Bd2 Qa6 (12... Bb4 13. c3 Be7 14. c4 Bb4 15. a3
Bxd2+ 16. Qxd2 Qxd2+ 17. Kxd2 Nbd7 {1/2 Gomez Esteban-Magem Badals, Spain 1998
with an equal _|_.}) 13. c4 (13. Qb3 c5 14. O-O-O Nc6 15. Nxc6 Qxc6 16. dxc5
Bxc5 17. Bb4 {1/2 Emms-Teschke, BL 1998}) 13... Nbd7 14. O-O Be7 15. Rfe1 Nxe5
16. dxe5 Nd7 17. Ne4 O-O-O 18. Nd6+ Bxd6 19. exd6 c5 20. Bc3 Nf6 21. Rad1 Qc6
22. Bxf6 $14 {with a strong o^ d6, Rosito-Slipak, ARG-ch Buenos Aires 1998})
12... Qa6 (12... Nbd7 13. O-O Nxe5 (13... Nd5 $6 14. Qf3 $1 Qd8 15. Rfe1 N7f6
16. Nh5 {White has got a dangerous ->.} g6 17. Nxf6+ Qxf6 18. Re4 Qg7 (18...
Qe7 19. Rae1 $16 {/\ Nxg6!}) 19. c4 Nxf4 20. Rxf4 f5 21. Nxc6 $1 $18 {
Pavlovic-Tukmakov, Biel (op) 1998}) 14. dxe5 Nd5 15. Qf3 Nxf4 16. Qxf4 Rd8 17.
Rfe1 Be7 18. Nh5 Rg8 19. Re3 g5 20. Nf6+ Bxf6 21. Qxf6 Rg6 22. Qh8+ Ke7 23. Qh7
gxh4 24. Rf3 Rf8 25. Rxf7+ Rxf7 26. Qxg6 Qxe5 27. Qxh6 {1/2 Vehi Bach-Magem
Badals, ESP-ch Linares 1998}) 13. Qf3 {Certainly White has to avoid the
exchange of queens, otherwise he has no chances for an ->.} Nbd7 {Now White
cannot castle anywhere.} 14. Nxd7 Kxd7 (14... Nxd7 $2 15. Ne4 $1 $16) 15. Be5
Be7 16. b3 ({Corrupting Black's P structure is a healthy alternative:} 16. Bxf6
gxf6 (16... Bxf6 17. Nh5) 17. Nh5 f5 18. Nf4 $14 {/\ Nd3}) 16... Rhd8 (16...
Rad8 17. c4 Qa5+ 18. Ke2 Kc8 19. Rhd1 $14) 17. c4 Qa5+ 18. Ke2 Ke8 19. Rhe1 Kf8
20. Kf1 Rd7 21. a4 Rad8 22. Rad1 Kg8 23. Rd3 (23. Nh5 $4 Nxh5 24. Qxh5 f6 $19 {
The vertical threats are very dangerous!}) (23. Ne4 Nxe4 24. Qxe4 Bf8 $11)
23... Ne8 24. Nh5 Bd6 {[#]} ({The P hunt after} 24... Bxh4 $2 {is punished by}
25. Qg4 Bg5 26. f4 $18) 25. Bxg7 $5 (25. Qg3 Bxe5 26. Rxe5 Qb4 27. Re4 (27. d5
$2 cxd5 28. cxd5 Rxd5 $1 29. Rdxd5 Rxd5 30. Rxd5 exd5) 27... Qe7 $11) (25. Bxd6
Rxd6 (25... Nxd6 $2 {leaves the vital >< g7 unattended:} 26. Re5 Qb4 27. Qg3
$16) 26. Qg4 g6 27. Nf4 Qf5 $11) 25... Nxg7 26. c5 $2 {[%mdl 8192]} (26. Nf6+
Kf8 (26... Kh8 $2 27. c5 $1 Bb8 (27... Bf8 28. Qe4 Nf5 29. g4 Rxd4)) 27. Nh7+ (
27. Nxd7+ $6 Rxd7 $15) (27. c5 $6 Be7 $1 (27... Bxc5 $4 28. Nxd7+) 28. Nxd7+
Rxd7 $15) 27... Kg8 28. Nf6+ $11 {with perpetual checks}) 26... Nxh5 $1 (26...
Bxc5 $4 27. Nf6+ Kf8 28. Nxd7+ $18) (26... Be7 $2 27. Qg4 Bf8 28. Nf6+ Kh8 29.
Qe4 Nf5 30. g4 Rxd4) (26... Bb8 $2 27. Qg4 f5 28. Qg6 $18) 27. Qxh5 Qa6 $1 $19
{This intermediate move pins the dangerous R with a tempo, after which White's
-> collapses. Leko is very strong in defence and counterattack!} 28. Ree3 Bf4
$1 29. Qg4+ (29. Rf3 Rxd4) 29... Kf8 $1 30. Qxf4 Rxd4 31. Qxh6+ Ke8 32. Kg1
Rxd3 33. Rxe6+ Kd7 34. Rf6 Kc8 35. Rxf7 Rd1+ 36. Kh2 Qe2 37. Qf4 R1d7 38. Rxd7
Rxd7 39. Qf8+ Kc7 40. Qf4+ Kc8 41. Qf8+ Rd8 42. Qf5+ Kb8 43. Qf4+ Ka8 44. g4
Qe7 45. g5 Rf8 46. Qe3 Qxe3 47. fxe3 Kb8 48. g6 Kc7 0-1

[Event "RUS-ch 56th"]
[Site "Krasnoyarsk"]
[Date "2003.09.05"]
[Round "3"]
[White "Motylev, Alexander"]
[Black "Dreev, Alexey"]
[Result "1-0"]
[WhiteElo "2634"]
[BlackElo "2698"]
[Annotator "Lukacs,P"]
[PlyCount "85"]
[EventDate "2003.09.03"]
[EventType "swiss"]
[EventRounds "9"]
[EventCountry "RUS"]
[SourceTitle "CBM 098"]
[Source "ChessBase"]
[SourceDate "2004.02.03"]
[SourceVersion "1"]
[SourceVersionDate "2004.02.03"]
[SourceQuality "1"]

1. e4 c6 2. d4 d5 3. Nc3 dxe4 4. Nxe4 Bf5 5. Ng3 Bg6 6. h4 h6 7. Nf3 Nd7 8. h5
Bh7 9. Bd3 Bxd3 10. Qxd3 e6 11. Bf4 Ngf6 12. O-O-O Be7 13. Kb1 O-O 14. Ne4 Qa5
15. g4 Nxg4 16. Ne5 f5 $2 (16... Ndxe5 $142 {see the analyse in the game
Vallejo Pons-Landa, EU Cup 2003 CBM 98.}) 17. Nxd7 $1 $16 fxe4 18. Qg3 Rxf4 19.
Qxf4 Qf5 20. Qc7 Nxf2 $1 (20... Bg5 $6 {- Vallejo Pons-Landa, EU Cup 2003 CBM
98}) 21. Rhf1 e3 (21... Qxh5 $1 {gave the best practical chances.} 22. Rde1 (
22. Qxb7 Rd8 23. Rde1 Bh4 {- 22.Rde1}) 22... Bh4 23. Qxb7 Rd8 24. Qxc6 Qd5 25.
Ne5 $1 (25. Qxd5 exd5 26. Ne5 Rd6 27. Re2 Rf6 28. c4 $14) 25... Kh7 26. Qxd5
exd5 27. Re2 Rf8 28. Ng4 $1 $16 {with a lethal pin on the f <->.}) 22. Rde1 $1
$18 {Now objectively speaking White's position is winning, but in a practical
game this is far from easy.} (22. Qxb7 Rd8 23. Rde1 Qxh5 24. Rxe3 $16) 22...
Bg5 (22... Qxh5 23. Rxe3 $18) 23. Ne5 (23. Qxb7 Rd8 24. Qxc6 {looks also
promising.}) 23... b6 (23... Rd8 {runs into} 24. Rxe3 $1 Rxd4 25. Rf3 $18) ({On
} 23... c5 {the simplest way is} 24. Qxc5 $1 $16) 24. Qxc6 Rd8 25. Ka1 $1 {
/\ c3} Kh7 (25... Rxd4 26. Qe8+ Qf8 27. Qxe6+ Kh7 28. Nf7 $18) 26. c3 {White
has a huge material advantage, and Black's only hope the o^ e3 is under strict
control.} Bf4 27. Ng6 Bg5 28. a3 {avoiding any surprises on the back rank,
White can afford it simply.} Qh3 29. Ne5 Rf8 (29... Qxh5 30. Qxe6 Rf8 31. Rg1
$18) 30. Rg1 Qf5 (30... Qxh5 31. Qxe6 Rf6 32. Qd7 $18) 31. Qc4 Nh3 32. Rgf1 Nf2
33. Qe2 {It is time to deal seriously with o^ e3.} Qe4 (33... Rf6 34. Nc4 $18)
34. Ng4 $1 {Liquidating to an easy win.} Nxg4 (34... Bh4 35. Nxe3 $18) 35. Rxf8
Nf6 36. Rf1 Bf4 37. Rg1 Bg5 38. Ka2 Qf5 39. Rf1 Qd5+ 40. Kb1 Ne4 41. Qd3 e5 42.
Re8 e2 43. Re1 ({but not} 43. Qxe2 $4 Nd2+ $1 $11) 1-0

[Event "Presidents Cup "]
[Site "Elista"]
[Date "1998.05.18"]
[Round "4.3"]
[White "Ivanchuk, Vassily"]
[Black "Bareev, Evgeny"]
[Result "1-0"]
[WhiteElo "2740"]
[BlackElo "2675"]
[Annotator "Lukacs,P"]
[PlyCount "105"]
[EventDate "1998.05.07"]
[EventType "k.o."]
[EventRounds "6"]
[EventCountry "RUS"]
[SourceTitle "CBM 065"]
[Source "ChessBase"]
[SourceDate "1998.08.06"]
[SourceVersion "1"]
[SourceVersionDate "1998.08.06"]
[SourceQuality "1"]

1. e4 {Kostakiev,D Hecht} c6 2. d4 d5 3. Nc3 dxe4 4. Nxe4 Bf5 5. Ng3 Bg6 6. h4
h6 7. Nf3 e6 (7... Nf6 8. Ne5 Bh7 9. Bd3 (9. Bc4 e6 10. Qe2 Nd5 $1 {- Liang
Jinrong-Chiburdanidze, Lippstadt 1997 EXP 59}) 9... Bxd3 (9... Qxd4 $4 10. Nxf7
) 10. Qxd3 e6 11. Bd2 Nbd7 12. Qe2 (12. Ng6 $6 {is too extravagant, and Black
can easily defend his positions.} fxg6 13. Qxg6+ Ke7 14. Bb4+ c5 15. dxc5 Qc7
16. c6+ Kd8 17. Bxf8 Nxf8 18. O-O-O+ Kc8 19. Qd3 bxc6 $19 {
Belotti-Garcia-Palermo, Reggio Emilia 1994}) 12... c5 13. Nxd7 Qxd7 14. dxc5
Bxc5 15. O-O-O Qa4 16. Bc3 Be7 17. Kb1 Rc8 18. Bxf6 Bxf6 19. Ne4 Ke7 {In Caro
Kann it is no surprise that Black plays quietly with a centralized K.} 20. g3 (
20. c3 Rhd8 $11) 20... Bxb2 $1 $11 {Ivanchuk-Breev, President's Cup. 1998}) (
7... Nd7 {is the solid main line.}) 8. Ne5 Bh7 9. Bd3 (9. c3 Nf6 10. Nh5 Nbd7
11. Nxd7 Nxd7 12. Qf3 Qa5 13. Be2 Qd5 14. Bf4 Qxf3 15. Bxf3 Bg6 16. Bg3 Bxh5
17. Bxh5 Nf6 (17... Be7 18. O-O-O $14 {G.Timoshenko-Lytchok, Berliner Sommer
1997}) 18. Bf3 O-O-O 19. O-O-O Bd6 $11) (9. Bc4 $5 Nf6 10. Qe2 {is a really
agressive setup against this line.} Be7 {[#]} (10... Qxd4 $2 11. Nxf7 $1) (
10... Qc8 {Kostakiev,D 1-0 Zatonskih,A-Grigorian/It (open) (w) 1995 (32)}) (
10... Qe7 {Kostakiev,D 0-1 Samwel,A-Shalaby,A/Cairo op 1996/EXT 97 (23)}) 11.
Bg5 $1 {This is an original way for the -> here!} b5 (11... hxg5 12. hxg5 Nd5
13. g6 fxg6 14. Nxg6 Bxg6 15. Rxh8+ Bf8 16. O-O-O $1 $44 (16. Qxe6+ Qe7) (16.
Qg4 Bxc2 17. Qxg7 Qe7)) 12. Bb3 O-O {This cold-blooded defence is not
satisfactory either.} 13. c3 a5 14. Bxf6 Bxf6 15. Ne4 a4 16. Bc2 Bxe5 17. dxe5
Nd7 18. O-O-O $16 {R.Mainka-H.Grund, Bayer op. Leverkusen 1997}) (9. Qf3 {
Kostakiev,D 1/2-1/2 Sollars,R-Duelge,J/corr IECG Cat-B 1995 (21)}) (9. c3 {
Kostakiev,D Krebs JF-Hugger,M/It (open) Badenweiler (Germany) 1995/0-1 (55)}) (
9. Bc4 $142 $5 $11 {Kostakiev,D}) 9... Bxd3 (9... Qxd4 $6 {Kostakiev,D} 10.
Nxf7 $1 Bc5 11. Be3 $14) 10. Qxd3 Nd7 (10... Nf6 $5 {Kostakiev,D} 11. Bf4 Be7
12. O-O-O Nbd7 $132) 11. Bf4 Qa5+ (11... Nxe5 $5 {Kostakiev,D} 12. Bxe5 Qa5+
$132) 12. c3 (12. Bd2 $2 Nxe5 $1 $19) 12... Ngf6 13. O-O (13. Nc4 {Kostakiev,D}
Qd5 14. Ne3 Qa5 $11) 13... Be7 $2 (13... Nxe5 {was the defensive move with
quick simplifications:} 14. Bxe5 (14. dxe5 Nd5) 14... Be7 15. Rfe1 O-O $11) 14.
Rfe1 O-O {[#] [#]} ({After} 14... Nxe5 {The R can already take back.} 15. Rxe5
Qb6 16. Qe2 {/\ Nf5 with a nasty pressure on the e <->.}) (14... Nd5 {
Kostakiev,D} 15. Nxd7 Nxf4 16. Qf3 $11) 15. Nf5 $1 {Perhaps this was
overlooked by Bareev?} exf5 {White creates threats along the open e-file} (
15... Rfe8 16. Nxh6+ $1 {demolishes Black's >>.} gxh6 17. Bxh6 $18) (15... Nxe5
$4 {Kostakiev,D} 16. Nxe7+ $18) 16. Nxd7 Rfe8 (16... Nxd7 17. Rxe7 $18) 17. Ne5
$1 (17. Nxf6+ Bxf6 $14) 17... Ne4 18. Qh3 $1 Nd6 19. Re3 Bf8 20. h5 Re6 (20...
Re7 $142 $11 {Kostakiev,D}) 21. Nd7 Qd5 (21... Rxe3 {Kostakiev,D} 22. Qxe3 Re8
23. Nf6+ gxf6 24. Qg3+ $14) 22. Rxe6 Qxe6 (22... fxe6 $5 23. Nxf8 $1 (23. Bxh6
$4 Nf7 $19) (23. Re1 Nc4 24. b3 Qxd7 25. bxc4 Bd6 $14) 23... Rxf8 24. Re1 $16)
23. Nc5 (23. Nxf8 $142 $5 {Kostakiev,D} Rxf8 24. Bxd6 Qxd6 25. Qxf5 $14) 23...
Qc8 $6 (23... Qe2 $142 {was the only chance with activization of the Q.} 24.
Bxd6 (24. Nd3 Qg4 (24... Ne4 {Kostakiev,D} 25. Re1 Qc2 $14)) (24. Qg3 Ne4 25.
Nxe4 fxe4 26. Bxh6 Qxh5 $11) 24... Bxd6 25. Nd3 $1 (25. Nxb7 $4 Qxb2 $19) (25.
Qxf5 Qxb2 26. Rb1 Qxa2 27. Nxb7 (27. Rxb7 $4 Qa1+ 28. Rb1 Qxc3 $19) 27... Rb8)
25... Qe4 26. Re1 Qd5 27. b3 $16) 24. Qg3 $16 {Now White wins a P, and his |^
remains also} Ne8 25. Bxh6 Nf6 26. Qh4 (26. Bg5 {Kostakiev,D} Nxh5 27. Qf3 $14)
26... Bxc5 27. dxc5 Qe6 28. Be3 Re8 (28... Ne4 {Kostakiev,D} 29. Bd4 $18) 29.
Bd4 {It is not easy to win this game from technical point of view.} (29. h6 {
Kostakiev,D} gxh6 30. Qxh6 $16) 29... Ng4 (29... Nd5 30. Qg3) (29... Ne4 {
Kostakiev,D} 30. Re1 $18) 30. f3 $1 Nh6 (30... Ne5 {Kostakiev,D} 31. Qg3 $18)
31. Bf2 (31. Qg5 {Kostakiev,D} f6 32. Qg6 Qe2 $16) (31. b3 $1 $16 {Kostakiev,D}
) 31... f6 (31... Qd5 $142 {Kostakiev,D}) 32. Re1 Qf7 33. Rxe8+ Qxe8 34. Qa4 a6
(34... Qxh5 {Kostakiev,D} 35. Qxa7 Qf7 36. Qa8+ $1 $18) 35. Qb3+ Qf7 36. Be3 (
36. Bg3 $5 {Kostakiev,D} Kh7 37. Kf2 $18) 36... Qxb3 37. axb3 {Hecht [#] Good
bishop, space, active king [#] Guter Läufer, Raum, aktiver König} Nf7 38. Kf2
Nd8 39. Ke2 Ne6 40. Kd3 Kf7 41. Kc4 Nc7 42. Bd2 Nd5 43. Kd4 g6 (43... Ke6 44.
c4 Ne7 45. Bf4 $18) 44. hxg6+ Kxg6 45. c4 Nc7 46. Kc3 a5 (46... Kf7 {Kostakiev,
D Hecht} 47. Kb4 Ke6 48. Ka5 Kd7 49. Kb6 Kc8 50. Bc3 Ne8 51. b4 $18 {[%cal
Rb4b5]}) 47. Bf4 Ne6 48. Bd6 Kf7 49. b4 axb4+ 50. Kxb4 Ke8 51. Ka5 Kd7 52. Kb6
Kc8 53. b4 1-0